| 000 | 00724nam a2200205 a 4500 | ||
|---|---|---|---|
| 005 | 20140310183356.0 | ||
| 008 | 121025s19uu xx 00 eng d | ||
| 020 | _a9780199599028 | ||
| 050 |
_aPR 1865 _b.C496 2011 |
||
| 100 | _aChaucer, Geoffrey | ||
| 245 |
_aThe Canterbury tales. / _cGeoffrey Chaucer ; a verse translation with an introduction and notes by David Wright. |
||
| 260 |
_aOxford [Oxfordshire] ; New York : _bOxford University Press, _c2011. |
||
| 300 |
_a517 p. : _c20 cm. |
||
| 440 | _aWorld's classics | ||
| 650 |
_aChristian pilgrims and pilgrimages _xEngland _xCanterbury _xPoetry |
||
| 650 |
_aPoetry in English, 1066-1400 _xTexts |
||
| 700 | _aWright, David | ||
| 942 |
_cBK _2lcc |
||
| 999 |
_c22243 _d22243 |
||